El significado secular del evangelio: basado en un análisis de su lenguaje

Shranjeno v:
Bibliografske podrobnosti
Glavni avtor: Van Buren, Paul M (Author)
Format: Knjiga
Jezik:španščina
Izdano: Barcelona Península 1968
Serija:Colección Compromiso Cristiano, 25
Teme:
Oznake: Označite
Brez oznak, prvi označite!

MARC

LEADER 00000nam a2200000 a 4500
001 UCL2458
003 CL-VaPUC
008 031024e19680000SP |||||||||||||||||spa|d
082 0 4 |a 226.06  |b VAN  |2 21 
100 0 |a Van Buren, Paul M  |e author  |9 479547 
245 1 3 |a El significado secular del evangelio: basado en un análisis de su lenguaje 
300 |a 237 p  
942 |c BK 
945 |d 20031024 00:00:00  |a vberengu 
260 |a Barcelona  |b Península  |c 1968 
650 0 |a Evangelios  |9 314864 
650 7 |a EVANGELIOS - CRITICA E INTERPRETACION  |2 CL-VaPUC  |9 478142 
650 0 |a Cristología   |9 315091 
583 |a last modification  |c 20031024 00:00:00  |k Rodrigo Vera 
490 0 |a Colección Compromiso Cristiano, 25 
999 |c 305764  |d 305762 
952 |0 0  |1 0  |4 0  |6 226_060000000000000_VAN_1968  |7 0  |8 A  |9 370140  |a BIBTEO  |b BIBTEO  |d 2019-11-21  |i 2091313  |o 226.06 VAN 1968  |p 2091313  |r 2025-01-17  |w 2019-11-21  |y BK  |k ICR